Quizzes
Events
Quiz Creation
Community
Videos
Private Events
Remove Ads
Sign In
Join for FREE
Feedback
Dark Mode
Quiz Categories
Sports
Geography
Music
Movies
Television
Just For Fun
Miscellaneous
History
Literature
Language
Science
Gaming
Entertainment
Religion
Holiday
For Kids
Quiz Lab
Recent
Popular Today
Quiz Kudos Today
Editor Picks
Curator Picks
Quizzes by...
Day
Popularity
Type
Ratings
Length
Year
Community
Subscriptions
Recent Discussions
Orange Saloon
Badges
Playlists
Quests
Create
Leaderboards
Showdown
Live 5
Trivia Bingo
Activity
Puzzle Library
Sporcle Events
Private Events
Virtual Trivia
Globe League
Become a Host
Pub Owners
SporcleCon
Opinionation
Our Games
Videos
Blog
Mobile Apps
Partnerships
Remove Ads and Go Orange
Feedback
Language
Vocabulary
Begins and Ends
Definition
Spanish
French
German
Italian
Chinese
Latin
Translation
Japanese
Language
Vocabulary
Begins and Ends
Definition
Spanish
French
German
Italian
Chinese
Latin
Translation
Japanese
Random Quiz
Search Sporcle
×
Curator Pick
Curator Pick
Language
Latin
Type in answers that appear in a list
Type in answers that appear in a list
Classic
Best Score? Go Orange.
Quatrains with Latin Puns Stats
Can you name the two-word Latin phrase that completes each quatrain in a punning way?
By
mockLatin
4m
5 Questions
199 Plays
199 Plays
199 Plays
Comments
Comments
Give Quiz Kudos
Give Quiz Kudos
-
- Ratings
hide this ad
More Info
Replay
Link that replays current quiz
Next Quiz
Link to next quiz in quiz playlist
You Got
0%
They Got
Avg Score
59%
Avg Friend Score
Upgrade to see
Score Distribution
Jump to the score distribution portion of the page
Score
0/5
Timer
04:00
0
Plays Today
Quatrain
Missing Phrase
% Correct
When Dorothy, with dog in tow, explored
The land of Oz, she felt just like de Soto.
All things considered, many have ignored
The courage seen in her and seen _
_
_
_
_
.
in toto
79.4%
If concerts are for charity,
Then U2's frontman sings for free.
A giving spirit such as his
Shows what a true _
_
_
_
_
is.
pro bono
73.9%
The patient said, 'It's like another me,
A second self who's there wherever we go.'
So Freud replied, 'I have the remedy:
We'll change your id and thereby _
_
_
_
_
.'
alter ego
60.8%
When tripping on my auntie's cats,
My uncle threatened that he'd sell 'em.
Conflict looming, I knew that's
The threat that made my _
_
_
_
_
.
ante bellum
49.2%
Are Turin's used-
car salesmen crooks?
The Bible gives some 'bright' advice.
To buy a car, inspect it twice:
Don't trust in how the _
_
_
_
_
.
fiat lux
33.7%
Quiz Playlist
Details
Report
Send in Message
Add To Playlist
More Info:
The puns may require some looseness in pronunciation.
Classic:
Type in answers that appear in a list
Last Updated: Feb 16, 2017
Curator Pick in
Latin
Quiz Scoreboard
CHALLENGE
Sign Up to Join the Scoreboard
Show All
Scores
Hide
Comments
May contain spoilers
Recently Published
Presidents Visiting Landmarks
by Hejman
History
7m
An Introduction to Baseball
by treessimontrees
Sports
5m
Movies - When Are They Set?
by FPL_Elf
Movies
5m
More to Explore
Quiz From the Vault
Featured Blog Post
Where Did the Easter Bunny Come From?
hide this ad
You Might Also Like...
Tags
Humor Quiz
Latin Quiz
phrase
pun
Today's Top Quizzes in Language
Browse Language
hide this ad
Today's Top Quizzes in Latin
Browse Latin
Top Contributed Quizzes in Language
1
1-10 Letter F Words III
2
1-10 Letter G Words III
3
Order Up: Top 10 Most Native Spoken Languages
4
1-10 Letter H Words III
5
One Thing in Common: Italy
6
1-10 Letter I Words III
7
Weisst du, aus welchen Sprachen diese Wörter stammen?
8
1-10 Letter J Words III
9
Celtic Nations in their Language
10
1-10 Letter K Words III
Explore More
Trending Topics
Anime
Disney
Harry Potter
Crossword
Marvel
NBA
Kpop
Song
WWE
Pokémon
NFL
Country
The Office
Puzzle
Soccer
hide this ad
More By:
mockLatin
Quiz
Plays
Rating
Category
Featured
Created
World Languages Logic Puzzle
2,018
4.92
Language
Aug 9, 2015
Cryptic Crossword
784
4.00
Language
Feb 9, 2014
Quatrains with Latin Puns
199
5.00
Language
Mar 2, 2014
Go to Creator's Profile
Score Distribution
Quiz Creator Spotlight
mockLatin
Follow
Send a Message
Quizzes Created
-
Created Quiz Play Count
-
More By This Creator
Popular Quizzes Today
1
Find the US States - No Outlines Minefield
2
Find the Countries of Europe - No Outlines Minefield
3
The Countries of the World
4
Find the US States
5
Popular People in 1961
6
US States
7
Risky Map Clicking: Biggest States A-Z
8
Movies - When Are They Set?
More Language Quizzes
Blitz! Ends in ...MORE
Quiz Lab
Trending Quizzes
Risky Map Clicking: Least Populous States A-Z
1-10 Letter G Words
1-10 Letter F Words
Risky Map Clicking: Next State Alphabetically
Risky Map Clicking: Biggest States A-Z
Recently Updated
Leaping Animals
pecheneg
Reality TV Shows (A-Z)
bhenderson79
Rickey Henderson's Hall of Fame Teammates
pecheneg
Champions League XIs: Arsenal
pecheneg
Quick Pick: Celebrities in WWE's Hall of Fame
aduchscher
A-Z Keypad Blitz II
pecheneg
Multiple Oscar Actors
pecheneg
Mystery Phrase Blitz: Oscar 'Best Actors'
pecheneg
F. Scott Fitzgerald Novels
LTH
Pick 3 Villains
ddd62291
Trending Topics
Marvel
NBA
Crossword
Disney
Kpop
Anime
Harry Potter
Puzzle
Pokémon
WWE
Country
NFL
Song
The Office
Soccer
Your Account Isn't Verified!
In order to create a playlist on Sporcle, you need to verify the email address you used during registration. Go to your
Sporcle Settings
to finish the process.
Report this User
Report this user for behavior that violates our
Community Guidelines
.
Details:
Send Report
Go to the Sporcle.com Mobile Site →
Comments